Name Countries plus Capitals of Asia - Map - Statistics

General Stats
  • This quiz has been taken 39 times
  • The average score is 44 of 48
Answers on the Map
Answers color-coded by a green-red scale on the quiz's map according to % correct below.
 
Answer Stats
Country % Correct
Afghanistan - Kabul
100%
China - Beijing
100%
Indonesia - Jakarta
100%
Japan - Tokyo
100%
North Korea - Pyong Yang
100%
Philippines - Manila
100%
South Korea - Seoul
100%
Turkey - Ankara
100%
United Arab Emirates - Abu Dhabi
100%
Vietnam - Hanoi
100%
India - New Delhi
97%
Iraq - Baghdad
97%
Israel - Jerusalem
97%
Kuwait - Kuwait City
97%
Malaysia - Kuala Lumpur
97%
Mongolia - Ulaanbaatar
97%
Pakistan - Islamabad
97%
Qatar - Doha
97%
Taiwan - Taipei
97%
Thailand - Bangkok
97%
Yemen - Sana'a
97%
Iran - Tehran
93%
Jordan - Amman
93%
Lebanon - Beirut
93%
Oman - Muscat
93%
Saudi Arabia - Riyadh
93%
Syria - Damascus
93%
Uzbekistan - Tashkent
93%
Bahrain - Manama
90%
Bangladesh - Dhaka
90%
Cyprus - Nicosia
90%
Maldives - Male
90%
Nepal - Kathmandu
90%
Azerbaijan - Baku
86%
Cambodia - Phnom Penh
86%
East Timor - Dili
86%
Georgia - Tbilisi
86%
Kyrgyzstan - Bishkek
86%
Singapore - Singapore
86%
Turkmenistan - Ashgabat
86%
Armenia - Yerevan
83%
Laos - Vientiane
83%
Brunei - Bandar Seri Begawan
79%
Tajikistan - Dushanbe
79%
Bhutan - Thimphu
76%
Kazakhstan - Nur Sultan
76%
Myanmar - Naypyidaw
69%
Sri Lanka - Sri Jayawardenepura Kotte
69%
No matching quizzes found
Score Distribution
Percent of People with Each Score
Percentile by Number Answered
Your Score History
You have not taken this quiz